Statistics for Most Popular Pro wrestler since 1972 (PWI)

Click here to take the quiz!

General Stats

  • This quiz has been taken 68 times
  • The average score is 24 of 42

Answer Stats

YearName% Correct
1985 WWF | 1989 WWF | 1990 WWFHulk Hogan
98%
2004 WWE | 2005 WWE | 2007 WWE | 2012 WWEJohn Cena
94%
1999 WWF | 2000 WWFThe Rock
90%
1995 WWF | 1996 WWFShawn Michaels
88%
1998 WWFSteve Austin
87%
2010 WWERandy Orton
83%
1988 WWFRandy Savage
81%
1991 WCW | 1992 WCW | 1994 WCW | 1997 WCWSting
79%
2011 WWECM Punk
73%
2003 WWEKurt Angle
65%
1977 WWWF | 1982 WWFAndre The Giant
63%
2013 WWEDaniel Bryan
62%
1978 NWA | 1979 NWA | 1987 WCWDusty Rhodes
48%
1993 WWFLex Luger
48%
1986 WWFRoddy Piper
44%
2008 WWE | 2009 WWEJeff Hardy
44%
1983 WWFJimmy Snuka
31%
2006 TNASamoa Joe
31%
2001 WWF | 2002 WWER.V.D
27%
1984 WCCWKerry Von Erich
25%
1972 NWA(Tie) Jack Brisco & Fred Curry
10%
1981 NWATommy Rich
8%
1976 WWWFWahoo McDaniel
6%
1973 WWWFCheif Jay Strongbow
2%
1980 GCWMr.Wrestling 2
2%
1975 IWAMil Mascaras
0%
1974 AWABilly Robinson
0%

Score Distribution

Percentile by Number Answered

Percent of People with Each Score

Your Score History

You have not taken this quiz